<?xml version="1.0" encoding="UTF-8"?>
<collection xmlns="http://www.loc.gov/MARC21/slim">
 <record>
  <leader>05598nam a2200325 a 4500</leader>
  <controlfield tag="001">kal2642</controlfield>
  <controlfield tag="003">Gr-AtHEAL</controlfield>
  <controlfield tag="005">20160422092915.0</controlfield>
  <controlfield tag="006">m        d        </controlfield>
  <controlfield tag="008">160413s2015    gr      s           gre|c</controlfield>
  <datafield tag="020" ind1=" " ind2=" ">
   <subfield code="a">9789606033513</subfield>
  </datafield>
  <datafield tag="040" ind1=" " ind2=" ">
   <subfield code="a">GR-AtHEAL</subfield>
   <subfield code="b">gre</subfield>
   <subfield code="c">GR-AtHEAL</subfield>
  </datafield>
  <datafield tag="082" ind1="0" ind2="4">
   <subfield code="a">410</subfield>
   <subfield code="2">23</subfield>
  </datafield>
  <datafield tag="100" ind1="1" ind2=" ">
   <subfield code="a">Τερζή, Αρχόντω.</subfield>
   <subfield code="8">1346</subfield>
  </datafield>
  <datafield tag="245" ind1="1" ind2="0">
   <subfield code="a">Συγκριτική σύνταξη και γλωσσικές διαταραχές</subfield>
   <subfield code="h">[Ηλεκτρονικός πόρος] </subfield>
   <subfield code="c">Τερζή, Αρχόντω ; Κριτικός αναγνώστης,Βαρλοκώστα, Σπυριδούλα.</subfield>
  </datafield>
  <datafield tag="260" ind1=" " ind2=" ">
   <subfield code="a">Αθήνα :</subfield>
   <subfield code="b">Σύνδεσμος Ελληνικών Ακαδημαϊκών Βιβλιοθηκών,</subfield>
   <subfield code="c">c2015.</subfield>
  </datafield>
  <datafield tag="490" ind1=" " ind2=" ">
   <subfield code="a">Ακαδημαϊκά Ηλεκτρονικά Συγγράμματα και Βοηθήματα Κάλλιπος</subfield>
   <subfield code="8">40</subfield>
  </datafield>
  <datafield tag="520" ind1=" " ind2=" ">
   <subfield code="a">Το βιβλίο έχει δύο (συμπληρωματικούς) στόχους. Να ασχοληθεί: α) με θεμελιώδεις περιοχές και έννοιες του συντακτικού τομέα της γλώσσας, όπως αυτές έχουν μελετηθεί από τη σύγχρονη συντακτική θεωρία, και β) με το πώς αυτές οι περιοχές πραγματώνονται στην μη τυπική γλώσσα, δηλαδή, στις γλωσσικές διαταραχές (=διαταραχές λόγου) που επηρεάζουν την μορφολογία και τη σύνταξη, καθώς και πώς εξελίσσονται στην πορεία κατάκτησης της γλώσσας. Το βιβλίο θα αναφερθεί επίσης στα ευρήματα της συντακτικής θεωρίας που έχουν χρησιμοποιηθεί στη θεραπεία των γλωσσικών διαταραχών, αναφορά σπάνια τόσο για την Ελληνική όσο για τη διεθνή εκπαιδευτική βιβλιογραφία. Ο λόγος που προτείνεται αυτό το διδακτικό βοήθημα είναι επειδή τα τελευταία χρόνια έχει διεξαχθεί ένας εξαιρετικά μεγάλος αριθμός μελετών, τόσο στην Ελληνική όσο και διαγλωσσικά, επί της συμπεριφοράς της μη τυπικής γλώσσας ως προς μια σειρά μορφοσυντακτικών φαινομένων και χαρακτηριστικών, αλλά αυτές οι μελέτες δεν υπάρχουν συγκεντρωμένες σε κάποιο βιβλίο στην Ελληνική - ούτε εξάλλου σε άλλες γλώσσες - για διδακτικούς σκοπούς. Ακόμη, σε καμία περίπτωση τα ως άνω ευρήματα δεν είναι συγκεντρωμένα ανά συντακτικό χαρακτηριστικό ή/και ανά γλωσσική διαταραχή. Για να γίνει κατανοητή η επιστημονική συμβολή και η χρησιμότητα των μελετών στις οποίες αναφερόμαστε πιο πάνω απαιτούνται γνώσεις της σύγχρονης συντακτικής θεωρίας. Όμως, τα (λιγοστά, και όχι ιδιαίτερα πρόσφατα) διδακτικά εγχειρίδια της συντακτικής θεωρίας ασχολούνται με τις σχετικές έννοιες σε λεπτομέρεια που δεν είναι πάντα εύπεπτη ή κατανοητή από φοιτητές που ενδιαφέρονται για γλωσσικές διαταραχές ή για πρώιμη γλώσσα/γλωσσική κατάκτηση. Από την άλλη όχθη, τα (λιγοστά, έως ανύπαρκτα) διδακτικά εγχειρίδια επί της γλωσσική κατάκτησης και των γλωσσικών διαταραχών δεν αναλύουν συνήθως το θεωρητικό υπόβαθρο του συντακτικού τομέα, ίσως επειδή προσπαθούν να καλύψουν όλους τους τομείς της γλώσσας και όχι μόνο τον συντακτικό. Το προτεινόμενο βιβλίο φιλοδοξεί να καλύψει αυτά τα κενά.</subfield>
  </datafield>
  <datafield tag="653" ind1=" " ind2=" ">
   <subfield code="a">Μη τυπική γλώσσα</subfield>
  </datafield>
  <datafield tag="653" ind1=" " ind2=" ">
   <subfield code="a">Κατάκτηση γλώσσας</subfield>
  </datafield>
  <datafield tag="653" ind1=" " ind2=" ">
   <subfield code="a">Σύνταξη</subfield>
  </datafield>
  <datafield tag="653" ind1=" " ind2=" ">
   <subfield code="a">Γλωσσολογία</subfield>
   <subfield code="a">Πεδία Γλωσσολογίας</subfield>
   <subfield code="a">Ψυχογλωσσολογία</subfield>
   <subfield code="a">Νευρογλωσσολογία</subfield>
  </datafield>
  <datafield tag="653" ind1=" " ind2=" ">
   <subfield code="a">Γλωσσολογία</subfield>
   <subfield code="a">Πεδία Γλωσσολογίας</subfield>
   <subfield code="a">Βιογλωσσολογία</subfield>
  </datafield>
  <datafield tag="653" ind1=" " ind2=" ">
   <subfield code="a">Γλωσσολογία</subfield>
   <subfield code="a">Πεδία Γλωσσολογίας</subfield>
   <subfield code="a">Πεδία βάσει της δομής της γλώσσας</subfield>
   <subfield code="a">Σύνταξη</subfield>
  </datafield>
  <datafield tag="700" ind1="1" ind2=" ">
   <subfield code="a">Βαρλοκώστα, Σπυριδούλα</subfield>
   <subfield code="e">Κριτικός αναγνώστης</subfield>
   <subfield code="8">1347</subfield>
  </datafield>
  <datafield tag="856" ind1="4" ind2="0">
   <subfield code="u">http://hdl.handle.net/11419/2642</subfield>
   <subfield code="z">Πλήρες Κείμενο - Full text</subfield>
  </datafield>
  <datafield tag="907" ind1=" " ind2=" ">
   <subfield code="a">.b25677226</subfield>
   <subfield code="b">12-06-18</subfield>
   <subfield code="c">29-07-16</subfield>
  </datafield>
  <datafield tag="949" ind1=" " ind2=" ">
   <subfield code="0">0</subfield>
   <subfield code="1">0</subfield>
   <subfield code="2">ddc</subfield>
   <subfield code="4">0</subfield>
   <subfield code="6">410_000000000000000_ΤΕΡ</subfield>
   <subfield code="7">0</subfield>
   <subfield code="8">KALL</subfield>
   <subfield code="8">480</subfield>
   <subfield code="d">2016-04-13</subfield>
   <subfield code="r">2016-04-13</subfield>
   <subfield code="w">2016-04-13</subfield>
   <subfield code="z">410 ΤΕΡ</subfield>
   <subfield code="o">SEAB KALLIPOS</subfield>
  </datafield>
  <datafield tag="998" ind1=" " ind2=" ">
   <subfield code="a">80</subfield>
   <subfield code="a">01</subfield>
   <subfield code="a">02</subfield>
   <subfield code="a">03</subfield>
   <subfield code="a">04</subfield>
   <subfield code="a">05</subfield>
   <subfield code="a">06</subfield>
   <subfield code="a">07</subfield>
   <subfield code="a">08</subfield>
   <subfield code="a">09</subfield>
   <subfield code="a">10</subfield>
   <subfield code="a">11</subfield>
   <subfield code="a">12</subfield>
   <subfield code="a">13</subfield>
   <subfield code="a">14</subfield>
   <subfield code="a">15</subfield>
   <subfield code="a">16</subfield>
   <subfield code="a">17</subfield>
   <subfield code="a">18</subfield>
   <subfield code="a">19</subfield>
   <subfield code="a">20</subfield>
   <subfield code="a">21</subfield>
   <subfield code="a">22</subfield>
   <subfield code="a">23</subfield>
   <subfield code="a">24</subfield>
   <subfield code="a">25</subfield>
   <subfield code="a">26</subfield>
   <subfield code="b">15-08-02</subfield>
   <subfield code="c">m</subfield>
   <subfield code="d">z  </subfield>
   <subfield code="e">-</subfield>
   <subfield code="f">gre</subfield>
   <subfield code="g">gr </subfield>
   <subfield code="h">0</subfield>
  </datafield>
  <datafield tag="942" ind1=" " ind2=" ">
   <subfield code="2">ddc</subfield>
   <subfield code="c">KALLIPOS</subfield>
  </datafield>
 </record>
</collection>
